000 00336nam a2200145Ia 4500
005 20251222143207.0
008 251222s9999||||xx |||||||||||||| ||spa||
020 _a84-297-1158-9
082 _a838.8/D98
100 _aDierrenmatt, Friedrich
245 0 _aGrec Busca Greca
250 _a2a.ed.
264 _bEdicions 92
942 _cLIB
999 _c13303
_d13303